Henan Sheng zhi. [Ke xue ji shu zhi] /

Saved in:
Bibliographic Details
Corporate Author: Henan Sheng di fang shi zhi bian zuan wei yuan hui.
Other Authors: Shao, Wenjie.
Format: Book
Language:Chinese
Published: [Zhengzhou] : Henan ren min chu ban she, 1995.
Edition:Di 1 ban.
Series:Henan sheng zhi (Series) ; 52.
Subjects:
Tags: Add Tag
No Tags, Be the first to tag this record!
LEADER 01570cam a2200385 a 4500
001 008413402-X
005 20024617113446.0
008 000120s1995 cc 000 0 chi d
020 |a 7215038327 
035 0 |a ocm43320121 
040 |a CU  |c CU  |d MH-HY  |d CStRLIN 
043 |a a-cc-ho 
245 0 0 |6 880-01  |a Henan Sheng zhi.  |p [Ke xue ji shu zhi] /  |c zong zuan Shao Wenjie ; Henan Sheng di fang shi zhi bian zuan wei yuan hui bian zuan. 
250 |6 880-02  |a Di 1 ban. 
260 |6 880-03  |a [Zhengzhou] :  |b Henan ren min chu ban she,  |c 1995. 
300 |a 2, 28, 883, 5 p., [8] p. of plates ;  |c 23 cm. 
490 1 |6 880-04  |a Henan Sheng zhi ;  |v 52 
505 0 |6 880-05  |a Di ba shi qi pian. Ke xue ji shu zhi. 
650 0 |a Science  |z China  |z Henan Sheng. 
650 0 |a Technology  |z China  |z Henan Sheng. 
651 0 |6 880-06  |a Henan Sheng (China)  |v Gazetteers. 
700 1 |6 880-07  |a Shao, Wenjie. 
710 2 |6 880-08  |a Henan Sheng di fang shi zhi bian zuan wei yuan hui. 
880 0 0 |6 245-01  |a 河南省志.  |p [科学技术志] /  |c 总纂 邵文杰 ; 河南省地方史志编篡委员会编篡. 
880 |6 250-02  |a 第1版. 
880 |6 260-03  |a [郑州] :  |b 河南人民出版社,  |c 1995. 
880 1 |6 490-04  |a 河南省志 ;  |v 52 
880 0 |6 505-05  |a 第八十七篇. 科学技术志. 
880 0 |6 651-06  |a 河南省 (China)  |v Gazetteers. 
880 1 |6 700-07  |a 邵文杰. 
880 2 |6 710-08  |a 河南省地方史志编篡委员会. 
830 0 |6 880-09  |a Henan sheng zhi (Series) ;  |v 52. 
880 0 |6 830-09  |a 河南省志 (Series) ;  |v 52 
988 |a 20021125 
906 |0 OCLC